[Event "Reykjavik Open 2013"]
[Site "?"]
[Date "2013.02.25"]
[Round "8.7"]
[White "Bekker-Jensen, Simon"]
[Black "Oleksienko, Mikhailo"]
[Result "1/2-1/2"]
[LiveChessVersion "1.4"]
[BlackElo "2568"]
[WhiteElo "2405"]

1. d4 {[%clk 1:30:53]} Nf6 {[%clk 1:30:51]} 2. c4 {[%clk 1:31:03]} e6
{[%clk 1:31:13]} 3. Nc3 {[%clk 1:31:21]} Bb4 {[%clk 1:31:37]} 4. e3
{[%clk 1:31:26]} O-O {[%clk 1:32:03]} 5. Nge2 {[%clk 1:31:23]} Re8
{[%clk 1:32:11]} 6. a3 {[%clk 1:31:32]} Bf8 {[%clk 1:32:38]} 7. d5
{[%clk 1:30:29]} a5 {[%clk 1:31:44]} 8. g3 {[%clk 1:29:11]} Na6 {[%clk 1:29:59]}
9. Bg2 {[%clk 1:28:41]} Nc5 {[%clk 1:29:26]} 10. b3 {[%clk 1:27:35]} exd5
{[%clk 1:29:21]} 11. cxd5 {[%clk 1:25:38]} b6 {[%clk 1:29:11]} 12. O-O
{[%clk 1:21:03]} Ba6 {[%clk 1:27:29]} 13. Ra2 {[%clk 1:05:01]} Nfe4
{[%clk 1:11:23]} 14. Nxe4 {[%clk 0:59:41]} Nxe4 {[%clk 1:11:48]} 15. Bb2
{[%clk 0:59:01]} a4 {[%clk 0:57:58]} 16. bxa4 {[%clk 0:44:50]} Bc4
{[%clk 0:48:20]} 17. Ra1 {[%clk 0:45:07]} Nc5 {[%clk 0:42:03]} 18. Qc2
{[%clk 0:39:29]} Rxa4 {[%clk 0:36:04]} 19. Bc3 {[%clk 0:31:50]} b5
{[%clk 0:27:54]} 20. Bb4 {[%clk 0:31:23]} Qf6 {[%clk 0:26:23]} 21. Nc3
{[%clk 0:27:45]} Bd3 {[%clk 0:17:18]} 22. Qb2 {[%clk 0:23:44]} Bxf1
{[%clk 0:17:38]} 23. Nxa4 {[%clk 0:20:54]} Qxb2 {[%clk 0:11:35]} 24. Nxb2
{[%clk 0:21:10]} Bxg2 {[%clk 0:12:04]} 25. Kxg2 {[%clk 0:21:20]} Re5
{[%clk 0:12:17]} 26. Rd1 {[%clk 0:19:21]} Na6 {[%clk 0:12:38]} 27. Rd4
{[%clk 0:18:43]} Re8 {[%clk 0:11:25]} 28. Nd3 {[%clk 0:16:26]} g6
{[%clk 0:11:04]} 29. Bxf8 {[%clk 0:13:47]} Kxf8 {[%clk 0:11:32]} 30. a4
{[%clk 0:14:05]} c5 {[%clk 0:09:41]} 31. dxc6 {[%clk 0:12:37]} dxc6
{[%clk 0:10:09]} 32. Rd7 {[%clk 0:12:41]} Re7 {[%clk 0:09:20]} 33. Rd8+
{[%clk 0:12:10]} Re8 {[%clk 0:09:46]} 34. Rd7 {[%clk 0:12:34]} Re7
{[%clk 0:09:08]} 35. Rd8+ {[%clk 0:12:58]} Kg7 {[%clk 0:08:56]} 36. Ra8
{[%clk 0:12:24]} Nc7 {[%clk 0:09:18]} 37. Ra7 {[%clk 0:11:52]} bxa4
{[%clk 0:09:23]} 1/2-1/2

[Event "Reykjavik Open 2013"]
[Site "?"]
[Date "2013.02.25"]
[Round "8.8"]
[White "Arngrimsson, Dagur"]
[Black "Shulman, Yury"]
[Result "1/2-1/2"]
[LiveChessVersion "1.4"]
[BlackElo "2563"]
[WhiteElo "2375"]

1. d4 {[%clk 1:28:31]} Nf6 {[%clk 1:30:54]} 2. c4 {[%clk 1:28:55]} g6
{[%clk 1:31:18]} 3. Nc3 {[%clk 1:29:14]} Bg7 {[%clk 1:31:43]} 4. e4
{[%clk 1:29:39]} d6 {[%clk 1:32:10]} 5. f3 {[%clk 1:29:56]} O-O {[%clk 1:32:22]}
6. Be3 {[%clk 1:30:19]} Nbd7 {[%clk 1:32:38]} 7. Nge2 {[%clk 1:28:17]} c5
{[%clk 1:32:39]} 8. d5 {[%clk 1:26:23]} Ne5 {[%clk 1:30:18]} 9. Ng3
{[%clk 1:26:38]} e6 {[%clk 1:29:46]} 10. Be2 {[%clk 1:26:37]} exd5
{[%clk 1:29:42]} 11. cxd5 {[%clk 1:26:59]} a6 {[%clk 1:25:01]} 12. a4
{[%clk 1:26:20]} Rb8 {[%clk 1:14:11]} 13. O-O {[%clk 1:23:01]} Bd7
{[%clk 1:05:53]} 14. h3 {[%clk 1:20:06]} b5 {[%clk 1:05:38]} 15. axb5
{[%clk 1:04:15]} Bxb5 {[%clk 1:03:24]} 16. Nxb5 {[%clk 1:02:30]} axb5
{[%clk 1:03:45]} 17. b3 {[%clk 0:59:59]} Ne8 {[%clk 0:48:46]} 18. f4
{[%clk 0:51:32]} Nd7 {[%clk 0:48:53]} 19. Ra7 {[%clk 0:48:59]} Nc7
{[%clk 0:45:34]} 20. b4 {[%clk 0:38:14]} cxb4 {[%clk 0:29:50]} 21. Bd4
{[%clk 0:37:15]} Ne8 {[%clk 0:22:27]} 22. Kh2 {[%clk 0:34:28]} b3
{[%clk 0:18:45]} 23. Bxg7 {[%clk 0:29:39]} Nxg7 {[%clk 0:19:10]} 24. Qxb3
{[%clk 0:29:49]} b4 {[%clk 0:19:33]} 25. Qc4 {[%clk 0:21:09]} b3 {[%clk 0:18:10]}
26. Rb1 {[%clk 0:19:27]} Nc5 {[%clk 0:18:05]} 27. e5 {[%clk 0:16:17]} Qb6
{[%clk 0:17:53]} 28. Ra3 {[%clk 0:16:34]} Rfc8 {[%clk 0:10:49]} 29. Bg4
{[%clk 0:13:29]} Rc7 {[%clk 0:09:44]} 30. Bd1 {[%clk 0:12:09]} Rcb7
{[%clk 0:03:52]} 31. Ne4 {[%clk 0:09:53]} Nxe4 {[%clk 0:03:40]} 32. Raxb3
{[%clk 0:08:10]} Qf2 {[%clk 0:03:05]} 33. Qxe4 {[%clk 0:07:09]} Rxb3
{[%clk 0:03:26]} 34. Rxb3 {[%clk 0:07:33]} Rxb3 {[%clk 0:03:43]} 35. Bxb3
{[%clk 0:07:57]} Nf5 {[%clk 0:02:20]} 36. Qf3 {[%clk 0:05:24]} Qd2
{[%clk 0:01:03]} 37. Qe4 {[%clk 0:03:09]} Qc3 {[%clk 0:00:55]} 38. Bd1
{[%clk 0:02:36]} Qg3+ {[%clk 0:00:54]} 39. Kg1 {[%clk 0:03:00]} Ne3
{[%clk 0:00:46]} 40. Bf3 {[%clk 0:31:58]} Qe1+ {[%clk 0:30:51]} 41. Kh2
{[%clk 0:31:16]} Nf1+ {[%clk 0:22:16]} 42. Kg1 {[%clk 0:30:50]} Ne3+
{[%clk 0:22:44]} 43. Kh2 {[%clk 0:31:13]} Qf2 {[%clk 0:14:23]} 44. Qb4
{[%clk 0:27:51]} Nf1+ {[%clk 0:13:37]} 45. Kh1 {[%clk 0:27:18]} Ng3+
{[%clk 0:14:00]} 46. Kh2 {[%clk 0:27:43]} Nf1+ {[%clk 0:13:55]} 47. Kh1
{[%clk 0:28:08]} Nd2 {[%clk 0:12:28]} 48. Qxd6 {[%clk 0:24:01]} Qe1+
{[%clk 0:08:41]} 49. Kh2 {[%clk 0:24:08]} Nf1+ {[%clk 0:09:04]} 50. Kg1
{[%clk 0:24:17]} Nd2+ {[%clk 0:05:21]} 51. Kh2 {[%clk 0:24:27]} h5
{[%clk 0:04:36]} 52. Qd8+ {[%clk 0:23:02]} Kh7 {[%clk 0:05:01]} 53. Qf6
{[%clk 0:20:41]} Nf1+ {[%clk 0:05:26]} 54. Kg1 {[%clk 0:21:04]} Nd2+
{[%clk 0:05:54]} 55. Kh2 {[%clk 0:21:29]} Nxf3+ {[%clk 0:05:17]} 56. gxf3
{[%clk 0:21:54]} Qf2+ {[%clk 0:05:44]} 57. Kh1 {[%clk 0:22:17]} Qf1+
{[%clk 0:06:00]} 58. Kh2 {[%clk 0:22:41]} Qf2+ {[%clk 0:06:28]} 59. Kh1
{[%clk 0:23:08]} Qxf3+ {[%clk 0:06:54]} 60. Kh2 {[%clk 0:23:33]} Qf2+
{[%clk 0:07:10]} 61. Kh1 {[%clk 0:23:58]} Qf3+ {[%clk 0:07:39]} 62. Kh2
{[%clk 0:24:18]} Qxd5 {[%clk 0:07:39]} 63. h4 {[%clk 0:22:47]} Qd2+
{[%clk 0:06:40]} 64. Kg3 {[%clk 0:22:52]} Kg8 {[%clk 0:06:54]} 65. Kf3
{[%clk 0:22:17]} Qd3+ {[%clk 0:06:55]} 66. Kf2 {[%clk 0:22:41]} Qd2+
{[%clk 0:06:47]} 1/2-1/2

[Event "Reykjavik Open 2013"]
[Site "?"]
[Date "2013.02.25"]
[Round "8.9"]
[White "Maze, Sebastien"]
[Black "Wang, Jue"]
[Result "0-1"]
[LiveChessVersion "1.4"]
[BlackElo "2375"]
[WhiteElo "2556"]

1. d4 {[%clk 1:22:51]} Nf6 {[%clk 1:30:55]} 2. Nf3 {[%clk 1:23:07]} g6
{[%clk 1:31:18]} 3. Bg5 {[%clk 1:23:32]} Bg7 {[%clk 1:31:35]} 4. Nbd2
{[%clk 1:23:57]} O-O {[%clk 1:31:01]} 5. c3 {[%clk 1:24:20]} d5 {[%clk 1:30:39]}
6. e3 {[%clk 1:24:44]} Nbd7 {[%clk 1:31:04]} 7. Bd3 {[%clk 1:24:10]} Re8
{[%clk 1:31:13]} 8. h4 {[%clk 1:23:24]} c5 {[%clk 1:14:15]} 9. Qc2
{[%clk 1:09:24]} e5 {[%clk 1:11:37]} 10. dxe5 {[%clk 1:07:17]} Nxe5
{[%clk 1:12:01]} 11. Nxe5 {[%clk 1:07:43]} Rxe5 {[%clk 1:12:27]} 12. Nf3
{[%clk 1:08:10]} Re8 {[%clk 1:12:43]} 13. h5 {[%clk 1:08:28]} c4 {[%clk 1:09:22]}
14. Be2 {[%clk 1:08:54]} Bf5 {[%clk 1:09:42]} 15. Qd2 {[%clk 1:09:20]} Ne4
{[%clk 0:54:36]} 16. Bxd8 {[%clk 1:08:56]} Nxd2 {[%clk 0:53:46]} 17. Bh4
{[%clk 1:02:19]} Nxf3+ {[%clk 0:53:38]} 18. gxf3 {[%clk 0:57:31]} b5
{[%clk 0:47:16]} 19. hxg6 {[%clk 0:57:41]} hxg6 {[%clk 0:46:05]} 20. O-O-O
{[%clk 0:43:48]} b4 {[%clk 0:42:43]} 21. cxb4 {[%clk 0:30:28]} a5
{[%clk 0:43:01]} 22. b5 {[%clk 0:29:36]} a4 {[%clk 0:41:23]} 23. a3
{[%clk 0:14:05]} d4 {[%clk 0:39:01]} 24. Rxd4 {[%clk 0:12:34]} Bxd4
{[%clk 0:39:24]} 25. exd4 {[%clk 0:13:02]} g5 {[%clk 0:34:34]} 26. Bxg5
{[%clk 0:07:25]} Rxe2 {[%clk 0:35:00]} 27. Bf6 {[%clk 0:07:52]} Bh7
{[%clk 0:35:26]} 28. Rg1+ {[%clk 0:08:19]} Kf8 {[%clk 0:35:35]} 29. Rh1
{[%clk 0:08:46]} Bg8 {[%clk 0:27:00]} 30. d5 {[%clk 0:09:13]} Ke8
{[%clk 0:27:24]} 31. Kd1 {[%clk 0:07:46]} Rxf2 {[%clk 0:27:45]} 32. b6
{[%clk 0:04:48]} Rb8 {[%clk 0:25:25]} 33. Rh8 {[%clk 0:03:11]} Rg2
{[%clk 0:23:25]} 0-1

[Event "Reykjavik Open 2013"]
[Site "?"]
[Date "2013.02.25"]
[Round "8.10"]
[White "Mammadova, Gulnar"]
[Black "Kveinys, Aloyzas"]
[Result "1/2-1/2"]
[LiveChessVersion "1.4"]
[BlackElo "2533"]
[WhiteElo "2369"]

1. e4 {[%clk 1:27:21]} c5 {[%clk 1:30:50]} 2. Nf3 {[%clk 1:28:11]} e6
{[%clk 1:31:09]} 3. b3 {[%clk 1:28:38]} a6 {[%clk 1:30:28]} 4. c4
{[%clk 1:28:18]} Nc6 {[%clk 1:25:13]} 5. Bb2 {[%clk 1:28:43]} Qc7
{[%clk 1:25:14]} 6. Nc3 {[%clk 1:28:58]} Nf6 {[%clk 1:25:19]} 7. g3
{[%clk 1:29:17]} Rb8 {[%clk 1:24:46]} 8. Bg2 {[%clk 1:22:28]} b5 {[%clk 1:24:07]}
9. d3 {[%clk 1:22:23]} d6 {[%clk 1:17:52]} 10. O-O {[%clk 1:22:05]} Be7
{[%clk 1:17:56]} 11. Re1 {[%clk 1:15:33]} bxc4 {[%clk 1:05:15]} 12. dxc4
{[%clk 1:15:52]} O-O {[%clk 1:05:40]} 13. Qd2 {[%clk 1:08:30]} Bd7
{[%clk 1:02:40]} 14. Rad1 {[%clk 1:06:46]} e5 {[%clk 1:03:01]} 15. Nd5
{[%clk 1:03:49]} Nxd5 {[%clk 1:03:23]} 16. exd5 {[%clk 1:04:12]} Nd4
{[%clk 1:02:53]} 17. Bxd4 {[%clk 1:02:13]} cxd4 {[%clk 1:03:17]} 18. Nxd4
{[%clk 1:01:42]} Bg4 {[%clk 1:03:33]} 19. Bf3 {[%clk 0:54:43]} exd4
{[%clk 1:03:21]} 20. Bxg4 {[%clk 0:55:11]} Bf6 {[%clk 1:03:38]} 21. h4
{[%clk 0:52:01]} a5 {[%clk 1:03:41]} 22. Qd3 {[%clk 0:49:46]} g6 {[%clk 1:02:31]}
23. h5 {[%clk 0:47:08]} Rfe8 {[%clk 1:02:39]} 24. Kg2 {[%clk 0:46:36]} Bg7
{[%clk 0:59:06]} 25. hxg6 {[%clk 0:45:19]} 1/2-1/2

[Event "Reykjavik Open 2013"]
[Site "?"]
[Date "2013.02.25"]
[Round "8.11"]
[White "Miedema, David"]
[Black "Danielsen, Henrik"]
[Result "0-1"]
[LiveChessVersion "1.4"]
[BlackElo "2507"]
[WhiteElo "2364"]

1. Nf3 {[%clk 1:30:58]} c5 {[%clk 1:25:01]} 2. c4 {[%clk 1:31:21]} g6
{[%clk 1:24:49]} 3. Nc3 {[%clk 1:31:34]} Bg7 {[%clk 1:24:55]} 4. g3
{[%clk 1:31:12]} Nc6 {[%clk 1:24:31]} 5. Bg2 {[%clk 1:31:32]} d6 {[%clk 1:24:51]}
6. a3 {[%clk 1:30:19]} Nf6 {[%clk 1:21:24]} 7. Rb1 {[%clk 1:28:36]} Bf5
{[%clk 1:17:35]} 8. d3 {[%clk 1:28:39]} a5 {[%clk 1:17:10]} 9. e4
{[%clk 1:24:04]} Bg4 {[%clk 1:17:05]} 10. h3 {[%clk 1:24:19]} Bxf3
{[%clk 1:16:35]} 11. Bxf3 {[%clk 1:24:28]} Nd7 {[%clk 1:16:36]} 12. Bg2
{[%clk 1:22:51]} e6 {[%clk 1:10:38]} 13. Nb5 {[%clk 1:22:13]} O-O
{[%clk 1:10:14]} 14. O-O {[%clk 1:21:50]} Nd4 {[%clk 1:09:49]} 15. Be3
{[%clk 1:13:14]} Nxb5 {[%clk 1:06:09]} 16. cxb5 {[%clk 1:13:41]} a4
{[%clk 1:06:31]} 17. d4 {[%clk 1:13:21]} Qb6 {[%clk 1:06:19]} 18. dxc5
{[%clk 1:10:08]} Nxc5 {[%clk 1:00:52]} 19. b4 {[%clk 1:08:13]} axb3
{[%clk 1:01:11]} 20. Rxb3 {[%clk 1:08:40]} Ra5 {[%clk 0:57:34]} 21. f4
{[%clk 0:58:54]} Qc7 {[%clk 0:55:59]} 22. Qc2 {[%clk 0:56:58]} Rc8
{[%clk 0:54:04]} 23. Rc1 {[%clk 0:55:41]} b6 {[%clk 0:54:22]} 24. e5
{[%clk 0:54:23]} Qb8 {[%clk 0:39:54]} 25. Bd2 {[%clk 0:40:28]} Ra7
{[%clk 0:39:27]} 26. exd6 {[%clk 0:40:42]} Rd8 {[%clk 0:36:59]} 27. Rbb1
{[%clk 0:33:47]} Rxa3 {[%clk 0:35:30]} 28. Bb4 {[%clk 0:34:10]} Bd4+
{[%clk 0:31:35]} 29. Kh2 {[%clk 0:34:35]} Ra7 {[%clk 0:31:08]} 30. Rd1
{[%clk 0:26:38]} Rxd6 {[%clk 0:31:00]} 31. Rxd4 {[%clk 0:25:09]} Rxd4
{[%clk 0:30:31]} 32. Bxc5 {[%clk 0:25:37]} Rc7 {[%clk 0:22:27]} 33. Qf2
{[%clk 0:24:50]} bxc5 {[%clk 0:22:01]} 34. b6 {[%clk 0:25:18]} Rcd7
{[%clk 0:14:31]} 35. b7 {[%clk 0:24:05]} Rd2 {[%clk 0:14:06]} 36. Qf3
{[%clk 0:24:31]} Rc7 {[%clk 0:13:31]} 37. Kh1 {[%clk 0:23:33]} Rdd7
{[%clk 0:12:06]} 38. Qe4 {[%clk 0:20:48]} Rd5 {[%clk 0:10:15]} 39. f5
{[%clk 0:18:24]} Rxb7 {[%clk 0:09:12]} 0-1

[Event "Reykjavik Open 2013"]
[Site "?"]
[Date "2013.02.25"]
[Round "8.12"]
[White "Smith, Axel"]
[Black "Diermair, Andreas"]
[Result "1/2-1/2"]
[LiveChessVersion "1.4"]
[BlackElo "2407"]
[WhiteElo "2485"]

1. d4 {[%clk 0:38:10]} d5 2. c4 {[%clk 0:38:10]} e6 3. Nf3 {[%clk 0:38:10]} Nf6
4. Nc3 {[%clk 0:38:10]} c6 5. Bg5 {[%clk 0:38:10]} h6 6. Bh4 {[%clk 0:38:10]}
dxc4 7. e4 {[%clk 0:38:10]} g5 8. Bg3 {[%clk 0:38:10]} b5 9. Be2 {[%clk 0:38:10]}
Bb7 10. e5 {[%clk 0:38:10]} Nh5 11. a4 {[%clk 0:38:10]} Nxg3 12. hxg3
{[%clk 0:38:10]} Nd7 13. axb5 {[%clk 0:38:10]} cxb5 14. Nxb5 {[%clk 0:38:10]} Qb6
15. Na3 {[%clk 0:38:10]} g4 16. Nd2 {[%clk 0:38:10]} Qxd4 17. Nb5
{[%clk 0:38:10]} Qc5 18. Nxc4 {[%clk 0:38:10]} Bxg2 19. Rg1 {[%clk 0:38:10]} Qxb5
20. Rxg2 {[%clk 0:38:10]} Qd5 {[%clk 0:21:51]} 21. Kf1 {[%clk 0:38:10]} Qxd1+
{[%clk 0:21:51]} 22. Bxd1 {[%clk 0:38:10]} Bg7 {[%clk 0:14:48]} 23. f4
{[%clk 0:26:24]} gxf3 {[%clk 0:12:32]} 24. Bxf3 {[%clk 0:26:29]} Rd8
{[%clk 0:12:24]} 25. Re2 {[%clk 0:26:04]} O-O {[%clk 0:11:50]} 26. Rxa7
{[%clk 0:26:04]} Rc8 {[%clk 0:09:50]} 27. Rxd7 {[%clk 0:15:01]} Rxc4
{[%clk 0:10:15]} 28. Bh5 {[%clk 0:15:22]} Rc5 {[%clk 0:09:45]} 1/2-1/2

[Event "Reykjavik Open 2013"]
[Site "?"]
[Date "2013.02.25"]
[Round "8.13"]
[White "Saduakassova, Dinara"]
[Black "Huang, Qian"]
[Result "1/2-1/2"]
[LiveChessVersion "1.4"]
[BlackElo "2478"]
[WhiteElo "2312"]

1. d4 {[%clk 1:30:57]} d6 {[%clk 1:29:16]} 2. Nf3 {[%clk 1:31:21]} g6
{[%clk 1:29:17]} 3. c4 {[%clk 1:29:58]} Bg7 {[%clk 1:28:48]} 4. Nc3
{[%clk 1:30:00]} Bg4 {[%clk 1:27:17]} 5. e3 {[%clk 1:24:32]} Nf6 {[%clk 1:27:04]}
6. Be2 {[%clk 1:23:21]} c6 {[%clk 1:26:57]} 7. O-O {[%clk 1:21:06]} O-O
{[%clk 1:27:01]} 8. h3 {[%clk 1:19:38]} Bf5 {[%clk 1:24:06]} 9. d5
{[%clk 1:14:56]} e5 {[%clk 1:17:07]} 10. dxe6 {[%clk 1:11:06]} Bxe6
{[%clk 1:17:30]} 11. e4 {[%clk 1:07:41]} Qe7 {[%clk 1:12:35]} 12. Bf4
{[%clk 1:03:59]} Rd8 {[%clk 1:12:30]} 13. Qc2 {[%clk 1:00:08]} Nfd7
{[%clk 1:12:10]} 14. Ng5 {[%clk 0:53:14]} Ne5 {[%clk 1:09:33]} 15. Nxe6
{[%clk 0:49:58]} Qxe6 {[%clk 1:08:07]} 16. b3 {[%clk 0:48:46]} Na6
{[%clk 1:06:53]} 17. Rad1 {[%clk 0:48:03]} Nc5 {[%clk 1:03:10]} 18. Bg3
{[%clk 0:43:12]} g5 {[%clk 0:58:59]} 19. b4 {[%clk 0:29:59]} Ncd7
{[%clk 0:58:53]} 20. Qb3 {[%clk 0:29:57]} Nf8 {[%clk 0:59:09]} 21. f4
{[%clk 0:24:23]} gxf4 {[%clk 0:59:05]} 22. Bxf4 {[%clk 0:24:47]} Nfg6
{[%clk 0:56:18]} 23. Bg5 {[%clk 0:23:37]} Rf8 {[%clk 0:56:12]} 24. c5
{[%clk 0:18:18]} dxc5 {[%clk 0:50:51]} 25. bxc5 {[%clk 0:17:52]} h6
{[%clk 0:50:57]} 26. Be3 {[%clk 0:14:36]} Qxb3 {[%clk 0:51:15]} 27. axb3
{[%clk 0:15:01]} Rfd8 {[%clk 0:51:36]} 28. Na4 {[%clk 0:13:19]} Nf8
{[%clk 0:49:18]} 29. Nb2 {[%clk 0:10:20]} Ne6 {[%clk 0:48:06]} 30. Nc4
{[%clk 0:10:44]} Nxc4 {[%clk 0:48:26]} 31. Bxc4 {[%clk 0:11:10]} Rxd1
{[%clk 0:47:56]} 32. Rxd1 {[%clk 0:11:35]} Rd8 {[%clk 0:48:11]} 33. Rxd8+
{[%clk 0:11:13]} Nxd8 {[%clk 0:48:24]} 34. Kf2 {[%clk 0:09:18]} Ne6
{[%clk 0:48:20]} 35. Ke2 {[%clk 0:08:58]} Kh7 {[%clk 0:47:09]} 36. g4
{[%clk 0:06:21]} Bf6 {[%clk 0:46:31]} 37. Kf3 {[%clk 0:05:12]} Kg6
{[%clk 0:46:42]} 38. Kg3 {[%clk 0:04:28]} Be5+ {[%clk 0:35:35]} 39. Kf3
{[%clk 0:04:11]} Bf6 {[%clk 0:31:48]} 40. Kg3 {[%clk 0:34:32]} Nf8
{[%clk 1:01:28]} 41. h4 {[%clk 0:19:11]} Nd7 {[%clk 1:01:06]} 42. g5
{[%clk 0:12:10]} Be5+ {[%clk 0:53:05]} 43. Kf3 {[%clk 0:11:17]} hxg5
{[%clk 0:53:20]} 44. hxg5 {[%clk 0:09:12]} Kg7 {[%clk 0:34:27]} 45. Bf1
{[%clk 0:08:51]} Kf8 {[%clk 0:34:49]} 46. Bh3 {[%clk 0:07:58]} Ke7
{[%clk 0:35:14]} 47. Ke2 {[%clk 0:08:19]} Kd8 {[%clk 0:32:27]} 48. Bg4
{[%clk 0:07:41]} Ke7 {[%clk 0:29:48]} 49. Bh3 {[%clk 0:07:40]} Bb2
{[%clk 0:29:27]} 50. Kd3 {[%clk 0:07:51]} Kd8 {[%clk 0:29:15]} 51. Bf5
{[%clk 0:06:06]} Ba3 {[%clk 0:26:04]} 52. Kc4 {[%clk 0:06:16]} Bb2
{[%clk 0:24:10]} 53. Kd3 {[%clk 0:06:09]} Bg7 {[%clk 0:23:03]} 54. Bh3
{[%clk 0:05:56]} Ne5+ {[%clk 0:22:45]} 55. Kc2 {[%clk 0:05:41]} Bf8
{[%clk 0:22:00]} 56. Kc3 {[%clk 0:05:56]} Nd7 {[%clk 0:20:18]} 57. Kc4
{[%clk 0:06:22]} Be7 {[%clk 0:18:14]} 58. Bf5 {[%clk 0:06:32]} a5
{[%clk 0:18:29]} 59. Bd4 {[%clk 0:02:36]} Bxg5 {[%clk 0:16:26]} 60. Bc3
{[%clk 0:03:02]} a4 {[%clk 0:16:50]} 61. bxa4 {[%clk 0:03:04]} Be3
{[%clk 0:16:54]} 62. Bd4 {[%clk 0:01:57]} Bf4 {[%clk 0:15:51]} 63. Bc3
{[%clk 0:02:07]} Be3 {[%clk 0:12:33]} 64. Bd4 {[%clk 0:02:33]} Bd2
{[%clk 0:12:34]} 65. Kd3 {[%clk 0:02:19]} Be1 {[%clk 0:12:52]} 66. Kc4
{[%clk 0:02:35]} Kc7 {[%clk 0:13:06]} 67. Kb3 {[%clk 0:02:02]} Bg3
{[%clk 0:13:06]} 68. Kc4 {[%clk 0:02:21]} Nf8 {[%clk 0:13:30]} 69. Bg4
{[%clk 0:02:17]} Ng6 {[%clk 0:12:24]} 70. Bh5 {[%clk 0:02:31]} Kd8
{[%clk 0:11:55]} 71. Bg4 {[%clk 0:01:55]} Be5 {[%clk 0:10:10]} 72. Be3
{[%clk 0:00:54]} f6 {[%clk 0:09:45]} 73. Bf5 {[%clk 0:01:03]} Ne7
{[%clk 0:09:23]} 74. Be6 {[%clk 0:01:26]} Kc7 {[%clk 0:09:45]} 75. Bd2
{[%clk 0:01:38]} Kb8 {[%clk 0:09:54]} 76. Ba5 {[%clk 0:01:42]} Ng6
{[%clk 0:10:04]} 77. Bd8 {[%clk 0:01:46]} Ba1 {[%clk 0:07:31]} 78. Kb3
{[%clk 0:01:13]} Nf4 {[%clk 0:07:55]} 79. Bf5 {[%clk 0:01:30]} Be5
{[%clk 0:07:48]} 80. Kc4 {[%clk 0:01:25]} Ne2 {[%clk 0:08:07]} 81. Kb4
{[%clk 0:01:02]} Nd4 {[%clk 0:06:34]} 82. Bh3 {[%clk 0:00:49]} Nf3
{[%clk 0:06:32]} 83. Bg4 {[%clk 0:00:51]} Nd2 {[%clk 0:06:40]} 84. Bf5
{[%clk 0:01:20]} Bd4 {[%clk 0:05:35]} 85. Bb6 {[%clk 0:01:26]} Nf3
{[%clk 0:04:35]} 86. Bd8 {[%clk 0:01:40]} Ne1 {[%clk 0:01:25]} 87. Kc4
{[%clk 0:02:03]} Be5 {[%clk 0:01:52]} 88. Kb3 {[%clk 0:02:10]} Ng2
{[%clk 0:01:51]} 89. Kb4 {[%clk 0:02:11]} Ne3 {[%clk 0:01:00]} 1/2-1/2

[Event "Reykjavik Open 2013"]
[Site "?"]
[Date "2013.02.25"]
[Round "8.14"]
[White "Urkedal, Frode"]
[Black "Handler, Lukas"]
[Result "1-0"]
[LiveChessVersion "1.4"]
[BlackElo "2369"]
[WhiteElo "2473"]

1. d4 {[%clk 1:30:55]} Nf6 {[%clk 1:29:07]} 2. c4 {[%clk 1:31:20]} e6
{[%clk 1:29:33]} 3. Nf3 {[%clk 1:31:29]} d5 {[%clk 1:29:15]} 4. g3
{[%clk 1:30:58]} Bb4+ {[%clk 1:29:28]} 5. Bd2 {[%clk 1:31:16]} Be7
{[%clk 1:29:52]} 6. Bg2 {[%clk 1:31:35]} O-O {[%clk 1:30:15]} 7. O-O
{[%clk 1:31:44]} c6 {[%clk 1:30:38]} 8. Qc2 {[%clk 1:32:05]} b6 {[%clk 1:30:58]}
9. Bf4 {[%clk 1:32:05]} Nbd7 {[%clk 1:30:30]} 10. cxd5 {[%clk 1:31:48]} cxd5
{[%clk 1:30:19]} 11. Bc7 {[%clk 1:31:30]} Qe8 {[%clk 1:30:03]} 12. Nc3
{[%clk 1:31:53]} Ba6 {[%clk 1:18:49]} 13. Qa4 {[%clk 1:23:49]} Nb8
{[%clk 1:14:33]} 14. Qxe8 {[%clk 1:17:37]} Rxe8 {[%clk 1:09:52]} 15. Ne5
{[%clk 1:13:36]} Rc8 {[%clk 1:05:54]} 16. Bxb8 {[%clk 1:12:57]} Raxb8
{[%clk 1:05:26]} 17. a4 {[%clk 1:13:03]} Bd6 {[%clk 0:52:30]} 18. Nb5
{[%clk 1:08:13]} Bxb5 {[%clk 0:45:32]} 19. axb5 {[%clk 1:08:23]} Bxe5
{[%clk 0:45:02]} 20. dxe5 {[%clk 1:08:42]} Ng4 {[%clk 0:45:29]} 21. f4
{[%clk 1:07:07]} Rc5 {[%clk 0:40:53]} 22. Rxa7 {[%clk 0:55:45]} Rxb5
{[%clk 0:37:44]} 23. Bh3 {[%clk 0:48:23]} Ne3 {[%clk 0:27:12]} 24. Rf3
{[%clk 0:46:36]} Nc4 {[%clk 0:21:36]} 25. b3 {[%clk 0:42:59]} Nd2
{[%clk 0:15:41]} 26. Rc3 {[%clk 0:43:20]} Rc5 {[%clk 0:15:27]} 27. Rd3
{[%clk 0:43:30]} Ne4 {[%clk 0:15:39]} 28. f5 {[%clk 0:40:24]} Ng5
{[%clk 0:12:46]} 29. Bg2 {[%clk 0:38:56]} Rc1+ {[%clk 0:06:57]} 30. Kf2
{[%clk 0:38:52]} Rf8 {[%clk 0:07:18]} 31. h4 {[%clk 0:37:42]} Ne4+
{[%clk 0:07:31]} 32. Bxe4 {[%clk 0:37:31]} dxe4 {[%clk 0:07:34]} 33. Rdd7
{[%clk 0:37:02]} Rc6 {[%clk 0:05:46]} 34. fxe6 {[%clk 0:26:06]} Rxe6
{[%clk 0:06:10]} 35. Re7 {[%clk 0:26:32]} Rg6 {[%clk 0:03:16]} 36. Rab7
{[%clk 0:23:48]} h5 {[%clk 0:02:48]} 37. b4 {[%clk 0:24:17]} Rc8 {[%clk 0:01:36]}
38. Rxf7 {[%clk 0:24:22]} e3+ {[%clk 0:00:45]} 39. Kf3 {[%clk 0:21:22]} 1-0

[Event "Reykjavik Open 2013"]
[Site "?"]
[Date "2013.02.25"]
[Round "8.15"]
[White "Cherednichenko, Svetlana"]
[Black "Hambleton, Aman"]
[Result "1-0"]
[LiveChessVersion "1.4"]
[BlackElo "2472"]
[WhiteElo "2307"]

1. d4 {[%clk 1:24:24]} e6 {[%clk 1:30:46]} 2. Nf3 {[%clk 1:24:09]} Nf6
{[%clk 1:31:07]} 3. e3 {[%clk 1:24:27]} c5 {[%clk 1:31:29]} 4. Bd3
{[%clk 1:24:49]} b6 {[%clk 1:31:51]} 5. O-O {[%clk 1:25:09]} Bb7 {[%clk 1:32:16]}
6. c4 {[%clk 1:25:20]} Be7 {[%clk 1:32:32]} 7. Nc3 {[%clk 1:25:43]} cxd4
{[%clk 1:32:55]} 8. exd4 {[%clk 1:26:07]} d5 {[%clk 1:33:18]} 9. cxd5
{[%clk 1:24:35]} Nxd5 {[%clk 1:33:39]} 10. Ne5 {[%clk 1:24:24]} O-O
{[%clk 1:33:41]} 11. Qg4 {[%clk 1:23:57]} Nf6 {[%clk 1:07:21]} 12. Qh4
{[%clk 1:20:54]} Ne4 {[%clk 1:02:40]} 13. Qh5 {[%clk 1:04:02]} g6
{[%clk 0:42:06]} 14. Qe2 {[%clk 1:04:16]} Nxc3 {[%clk 0:41:40]} 15. bxc3
{[%clk 1:04:40]} Nc6 {[%clk 0:40:51]} 16. Ng4 {[%clk 1:01:37]} Rc8
{[%clk 0:37:01]} 17. Bh6 {[%clk 0:51:42]} Re8 {[%clk 0:33:32]} 18. Bb5
{[%clk 0:51:59]} Qd5 {[%clk 0:21:27]} 19. c4 {[%clk 0:38:19]} Qf5
{[%clk 0:06:20]} 20. Rad1 {[%clk 0:32:53]} Bf8 {[%clk 0:04:42]} 21. Rd3
{[%clk 0:28:33]} Bg7 {[%clk 0:04:27]} 22. Rfd1 {[%clk 0:16:04]} a6
{[%clk 0:04:39]} 23. Ba4 {[%clk 0:15:21]} b5 {[%clk 0:03:54]} 24. cxb5
{[%clk 0:10:24]} axb5 {[%clk 0:04:18]} 25. Ne3 {[%clk 0:10:27]} Qe4
{[%clk 0:03:34]} 26. Bxg7 {[%clk 0:10:15]} bxa4 {[%clk 0:03:45]} 27. Bf6
{[%clk 0:03:01]} Ba6 {[%clk 0:03:23]} 28. f3 {[%clk 0:03:08]} Bxd3
{[%clk 0:03:05]} 29. Rxd3 {[%clk 0:03:30]} Qf4 {[%clk 0:03:23]} 30. Ng4
{[%clk 0:03:46]} Nb4 {[%clk 0:02:17]} 31. Rd1 {[%clk 0:04:05]} Rc1
{[%clk 0:00:57]} 32. Be5 {[%clk 0:04:05]} Rxd1+ {[%clk 0:00:51]} 33. Qxd1
{[%clk 0:04:29]} Qg5 {[%clk 0:00:38]} 34. Nf6+ {[%clk 0:04:46]} Kg7
{[%clk 0:00:37]} 35. Nxe8+ {[%clk 0:05:06]} Kf8 {[%clk 0:00:50]} 36. Bd6+
{[%clk 0:04:06]} Kxe8 {[%clk 0:01:11]} 37. Bxb4 {[%clk 0:04:05]} 1-0